[Event "DEM U12 2025"]
[Site "Willingen GER"]
[Date "2025.06.14"]
[Round "9"]
[White "Krishnan, Vihaan"]
[Black "Haas, Leandro"]
[Result "0-1"]
[Termination "normal"]
[Board "16"]
[WhiteElo "1731"]
[BlackElo "1730"]
[WhiteClock "00:01:16"]
[BlackClock "01:08:29"]
[PlyCount "73"]
[WhiteFideId "34633910"]
[BlackFideId "34632549"]
[EventCountry "GER"]
[EventRounds "9"]
[EventType "swiss"]
[EventDate "2025.06.07"]

1. e4 {[%clk 01:30:57]} {[%emt 00:00:02]} e6 {[%clk 01:30:09]} {[%emt
00:00:51]} 2. d4 {[%clk 01:31:21]} {[%emt 00:00:06]} d5 {[%clk 01:30:36]}
{[%emt 00:00:03]} 3. Nc3 {[%clk 01:31:43]} {[%emt 00:00:08]} Nf6 {[%clk
01:30:47]} {[%emt 00:00:20]} 4. Bg5 {[%clk 01:31:29]} {[%emt 00:00:43]} dxe4
{[%clk 01:31:11]} {[%emt 00:00:06]} 5. Nxe4 {[%clk 01:29:45]} {[%emt 00:02:14]}
Nbd7 {[%clk 01:31:34]} {[%emt 00:00:06]} 6. Qd3 {[%clk 01:19:43]} {[%emt
00:10:32]} Be7 {[%clk 01:31:25]} {[%emt 00:00:40]} 7. Nxf6+ {[%clk 01:18:18]}
{[%emt 00:01:56]} Nxf6 {[%clk 01:31:39]} {[%emt 00:00:15]} 8. O-O-O {[%clk
01:11:08]} {[%emt 00:07:40]} O-O {[%clk 01:31:24]} {[%emt 00:00:45]} 9. Nf3
{[%clk 01:09:44]} {[%emt 00:01:55]} h6 {[%clk 01:31:18]} {[%emt 00:00:35]} 10.
Bxf6 {[%clk 01:03:34]} {[%emt 00:06:40]} Bxf6 {[%clk 01:31:42]} {[%emt
00:00:06]} 11. h4 {[%clk 00:59:31]} {[%emt 00:04:33]} b6 {[%clk 01:31:35]}
{[%emt 00:00:38]} 12. g3 {[%clk 00:44:23]} {[%emt 00:15:38]} Bb7 {[%clk
01:31:26]} {[%emt 00:00:37]} 13. Bg2 {[%clk 00:43:42]} {[%emt 00:01:12]} Qd6
{[%clk 01:29:02]} {[%emt 00:02:55]} 14. Kb1 {[%clk 00:41:25]} {[%emt 00:02:48]}
Rad8 {[%clk 01:28:15]} {[%emt 00:01:16]} 15. Qe2 {[%clk 00:30:54]} {[%emt
00:10:59]} c5 {[%clk 01:26:09]} {[%emt 00:02:36]} 16. dxc5 {[%clk 00:28:28]}
{[%emt 00:02:58]} Qxc5 {[%clk 01:26:22]} {[%emt 00:00:17]} 17. a3 {[%clk
00:19:00]} {[%emt 00:09:58]} Bd5 {[%clk 01:23:23]} {[%emt 00:03:28]} 18. Rhg1
{[%clk 00:14:52]} {[%emt 00:04:38]} Bc4 {[%clk 01:21:44]} {[%emt 00:02:10]} 19.
Qe3 {[%clk 00:14:21]} {[%emt 00:01:00]} Qb5 {[%clk 01:20:17]} {[%emt 00:01:56]}
20. b3 {[%clk 00:12:59]} {[%emt 00:01:53]} Rxd1+ {[%clk 01:12:58]} {[%emt
00:07:49]} 21. Rxd1 {[%clk 00:13:28]} {[%emt 00:00:02]} Bd5 {[%clk 01:12:19]}
{[%emt 00:01:08]} 22. Ne1 {[%clk 00:08:25]} {[%emt 00:05:34]} Bxg2 {[%clk
01:11:57]} {[%emt 00:00:51]} 23. Nxg2 {[%clk 00:08:53]} {[%emt 00:00:02]} Rc8
{[%clk 01:11:07]} {[%emt 00:01:19]} 24. Nf4 {[%clk 00:06:21]} {[%emt 00:03:03]}
Qa5 {[%clk 01:09:23]} {[%emt 00:02:14]} 25. b4 {[%clk 00:06:27]} {[%emt
00:00:25]} Qa6 {[%clk 01:08:32]} {[%emt 00:01:20]} 26. Qd3 {[%clk 00:05:42]}
{[%emt 00:01:15]} b5 {[%clk 01:06:48]} {[%emt 00:02:15]} 27. Nh5 {[%clk
00:00:55]} {[%emt 00:05:16]} Bc3 {[%clk 01:06:47]} {[%emt 00:00:31]} 28. Ka2
{[%clk 00:00:51]} {[%emt 00:00:35]} Be5 {[%clk 01:06:27]} {[%emt 00:00:48]} 29.
f4 {[%clk 00:00:44]} {[%emt 00:00:39]} Rc3 {[%clk 01:06:09]} {[%emt 00:00:47]}
30. Qd8+ {[%clk 00:01:07]} {[%emt 00:00:07]} Kh7 {[%clk 01:06:35]} {[%emt
00:00:05]} 31. Qa5 {[%clk 00:01:05]} {[%emt 00:00:32]} Rxc2+ {[%clk 01:06:56]}
{[%emt 00:00:08]} 32. Kb1 {[%clk 00:00:57]} {[%emt 00:00:39]} Rb2+ {[%clk
01:07:17]} {[%emt 00:00:10]} 33. Ka1 {[%clk 00:01:11]} {[%emt 00:00:14]} Rd2+
{[%clk 01:07:25]} {[%emt 00:00:23]} 34. fxe5 {[%clk 00:01:12]} {[%emt
00:00:29]} Rxd1+ {[%clk 01:07:49]} {[%emt 00:00:05]} 35. Kb2 {[%clk 00:01:32]}
{[%emt 00:00:10]} Qc6 {[%clk 01:08:07]} {[%emt 00:00:12]} 36. Qxa7 {[%clk
00:01:16]} {[%emt 00:00:47]} Rd2+ {[%clk 01:08:29]} {[%emt 00:00:07]} 37. Kb1
{[%emt 00:00:30]} 0-1

[Event "DEM U12 2025"]
[Site "Willingen GER"]
[Date "2025.06.14"]
[Round "9"]
[White "Ziem, Ole"]
[Black "Vilain, Philip"]
[Result "0-1"]
[Termination "normal"]
[Board "17"]
[WhiteElo "1670"]
[BlackElo "1791"]
[WhiteClock "00:43:11"]
[BlackClock "00:46:40"]
[PlyCount "52"]
[WhiteFideId "34624791"]
[BlackFideId "34662820"]
[EventCountry "GER"]
[EventRounds "9"]
[EventType "swiss"]
[EventDate "2025.06.07"]

1. e4 {[%clk 01:30:58]} {[%emt 00:00:02]} e6 {[%clk 01:30:51]} {[%emt
00:00:10]} 2. d4 {[%clk 01:31:05]} {[%emt 00:00:22]} d5 {[%clk 01:31:17]}
{[%emt 00:00:05]} 3. Nd2 {[%clk 01:31:04]} {[%emt 00:00:31]} Nf6 {[%clk
01:31:37]} {[%emt 00:00:09]} 4. e5 {[%clk 01:31:00]} {[%emt 00:00:35]} Nfd7
{[%clk 01:31:57]} {[%emt 00:00:09]} 5. Bd3 {[%clk 01:30:43]} {[%emt 00:00:46]}
c5 {[%clk 01:32:04]} {[%emt 00:00:24]} 6. c3 {[%clk 01:30:51]} {[%emt
00:00:22]} Nc6 {[%clk 01:31:13]} {[%emt 00:01:21]} 7. Ne2 {[%clk 01:30:45]}
{[%emt 00:00:35]} cxd4 {[%clk 01:30:17]} {[%emt 00:01:27]} 8. cxd4 {[%clk
01:30:51]} {[%emt 00:00:24]} f6 {[%clk 01:30:05]} {[%emt 00:00:42]} 9. exf6
{[%clk 01:30:21]} {[%emt 00:01:00]} Nxf6 {[%clk 01:30:02]} {[%emt 00:00:32]}
10. Nf3 {[%clk 01:30:10]} {[%emt 00:00:41]} Bd6 {[%clk 01:29:14]} {[%emt
00:01:17]} 11. O-O {[%clk 01:29:52]} {[%emt 00:00:48]} O-O {[%clk 01:28:34]}
{[%emt 00:01:11]} 12. Bf4 {[%clk 01:29:46]} {[%emt 00:00:36]} Qc7 {[%clk
01:26:28]} {[%emt 00:02:35]} 13. Bxd6 {[%clk 01:24:03]} {[%emt 00:06:14]} Qxd6
{[%clk 01:25:56]} {[%emt 00:01:03]} 14. Re1 {[%clk 01:19:21]} {[%emt 00:05:11]}
e5 {[%clk 01:21:01]} {[%emt 00:05:25]} 15. dxe5 {[%clk 01:14:59]} {[%emt
00:04:52]} Nxe5 {[%clk 01:20:36]} {[%emt 00:00:56]} 16. Ned4 {[%clk 01:14:53]}
{[%emt 00:00:35]} Nxf3+ {[%clk 01:19:31]} {[%emt 00:01:34]} 17. Nxf3 {[%clk
01:15:06]} {[%emt 00:00:18]} Bg4 {[%clk 01:18:40]} {[%emt 00:01:21]} 18. Be2
{[%clk 01:11:48]} {[%emt 00:03:48]} Rae8 {[%clk 01:17:34]} {[%emt 00:01:35]}
19. h3 {[%clk 01:09:27]} {[%emt 00:02:51]} Bf5 {[%clk 01:12:24]} {[%emt
00:05:37]} 20. Nd4 {[%clk 01:06:25]} {[%emt 00:03:34]} Bg6 {[%clk 01:10:00]}
{[%emt 00:02:56]} 21. Qa4 {[%clk 01:03:26]} {[%emt 00:03:28]} Qb6 {[%clk
01:06:12]} {[%emt 00:04:17]} 22. Bb5 {[%clk 01:00:23]} {[%emt 00:03:34]} Re4
{[%clk 01:00:50]} {[%emt 00:05:50]} 23. Rxe4 {[%clk 00:50:31]} {[%emt
00:10:25]} Nxe4 {[%clk 00:59:50]} {[%emt 00:01:31]} 24. Rf1 {[%clk 00:49:44]}
{[%emt 00:01:16]} a6 {[%clk 00:53:21]} {[%emt 00:06:58]} 25. Bd7 {[%clk
00:45:56]} {[%emt 00:04:17]} Nc5 {[%clk 00:46:59]} {[%emt 00:06:53]} 26. Qd1
{[%clk 00:43:11]} {[%emt 00:03:15]} Nxd7 {[%clk 00:46:40]} {[%emt 00:00:50]}
0-1

[Event "DEM U12 2025"]
[Site "Willingen GER"]
[Date "2025.06.14"]
[Round "9"]
[White "Shalovylo, Matvii"]
[Black "Fattori Dittmar, Luca"]
[Result "0-1"]
[Termination "normal"]
[Board "18"]
[WhiteElo "1788"]
[BlackElo "1671"]
[WhiteClock "00:29:41"]
[BlackClock "01:20:28"]
[PlyCount "66"]
[WhiteFideId "41846516"]
[BlackFideId "34678883"]
[EventCountry "GER"]
[EventRounds "9"]
[EventType "swiss"]
[EventDate "2025.06.07"]

1. d4 {[%clk 01:31:00]} {[%emt 19:58:18]} Nf6 {[%clk 01:30:56]} {[%emt
00:00:04]} 2. c4 {[%clk 01:31:25]} {[%emt 00:00:05]} g6 {[%clk 01:31:21]}
{[%emt 00:00:05]} 3. Nc3 {[%clk 01:31:50]} {[%emt 00:00:04]} d5 {[%clk
01:31:33]} {[%emt 00:00:19]} 4. e3 {[%clk 01:31:13]} {[%emt 00:01:06]} Bg7
{[%clk 01:31:54]} {[%emt 00:00:09]} 5. Nf3 {[%clk 01:31:35]} {[%emt 00:00:09]}
O-O {[%clk 01:32:17]} {[%emt 00:00:06]} 6. h3 {[%clk 01:31:55]} {[%emt
00:00:10]} c5 {[%clk 01:32:33]} {[%emt 00:00:14]} 7. Be2 {[%clk 01:31:00]}
{[%emt 00:01:25]} Nc6 {[%clk 01:32:48]} {[%emt 00:00:15]} 8. O-O {[%clk
01:30:12]} {[%emt 00:01:18]} cxd4 {[%clk 01:32:56]} {[%emt 00:00:22]} 9. exd4
{[%clk 01:29:09]} {[%emt 00:01:33]} b6 {[%clk 01:32:12]} {[%emt 00:01:15]} 10.
Be3 {[%clk 01:26:38]} {[%emt 00:03:00]} Bb7 {[%clk 01:32:22]} {[%emt 00:00:19]}
11. Rc1 {[%clk 01:25:32]} {[%emt 00:01:36]} Rc8 {[%clk 01:32:34]} {[%emt
00:00:19]} 12. a3 {[%clk 01:20:56]} {[%emt 00:05:08]} dxc4 {[%clk 01:31:13]}
{[%emt 00:01:50]} 13. Bxc4 {[%clk 01:20:57]} {[%emt 00:00:28]} Na5 {[%clk
01:31:37]} {[%emt 00:00:07]} 14. Ba2 {[%clk 01:18:43]} {[%emt 00:02:42]} Nc4
{[%clk 01:29:40]} {[%emt 00:02:28]} 15. Bxc4 {[%clk 01:16:54]} {[%emt
00:02:19]} Rxc4 {[%clk 01:29:16]} {[%emt 00:00:54]} 16. Qb3 {[%clk 01:10:58]}
{[%emt 00:06:26]} Rc8 {[%clk 01:28:59]} {[%emt 00:00:43]} 17. Qd1 {[%clk
01:03:07]} {[%emt 00:08:25]} Nd5 {[%clk 01:27:51]} {[%emt 00:01:38]} 18. Nxd5
{[%clk 00:56:06]} {[%emt 00:07:30]} Bxd5 {[%clk 01:26:17]} {[%emt 00:02:05]}
19. Qe2 {[%clk 00:56:11]} {[%emt 00:00:25]} Bxf3 {[%clk 01:22:58]} {[%emt
00:03:49]} 20. Qxf3 {[%clk 00:55:17]} {[%emt 00:01:24]} Qd7 {[%clk 01:22:47]}
{[%emt 00:00:41]} 21. Qe4 {[%clk 00:52:26]} {[%emt 00:03:21]} Rfd8 {[%clk
01:21:56]} {[%emt 00:01:21]} 22. Rxc8 {[%clk 00:44:54]} {[%emt 00:08:02]} Rxc8
{[%clk 01:22:03]} {[%emt 00:00:23]} 23. Rd1 {[%clk 00:44:08]} {[%emt 00:01:16]}
h5 {[%clk 01:21:49]} {[%emt 00:00:44]} 24. Qd3 {[%clk 00:43:48]} {[%emt
00:00:50]} e6 {[%clk 01:21:04]} {[%emt 00:01:16]} 25. Kf1 {[%clk 00:38:39]}
{[%emt 00:05:38]} Qd5 {[%clk 01:20:20]} {[%emt 00:01:13]} 26. Qd2 {[%clk
00:31:53]} {[%emt 00:07:17]} Qb3 {[%clk 01:19:39]} {[%emt 00:01:09]} 27. Rc1
{[%clk 00:29:42]} {[%emt 00:02:44]} Rxc1+ {[%clk 01:19:24]} {[%emt 00:00:45]}
28. Qxc1 {[%clk 00:30:08]} {[%emt 00:00:03]} Qd3+ {[%clk 01:19:43]} {[%emt
00:00:09]} 29. Kg1 {[%clk 00:30:29]} {[%emt 00:00:10]} Bxd4 {[%clk 01:19:51]}
{[%emt 00:00:23]} 30. Qc8+ {[%clk 00:30:32]} {[%emt 00:00:27]} Kg7 {[%clk
01:19:29]} {[%emt 00:00:52]} 31. Qd8 {[%clk 00:29:22]} {[%emt 00:01:40]} Qd1+
{[%clk 01:19:43]} {[%emt 00:00:16]} 32. Kh2 {[%clk 00:29:14]} {[%emt 00:00:37]}
Be5+ {[%clk 01:20:03]} {[%emt 00:00:11]} 33. g3 {[%clk 00:29:41]} {[%emt
00:00:04]} Qxd8 {[%clk 01:20:28]} {[%emt 00:00:05]} 0-1

[Event "DEM U12 2025"]
[Site "Willingen GER"]
[Date "2025.06.14"]
[Round "9"]
[White "Dotschuweit, Erik"]
[Black "Gao, Chenzhuo"]
[Result "0-1"]
[Termination "normal"]
[Board "20"]
[WhiteElo "1676"]
[BlackElo "1707"]
[WhiteClock "01:00:29"]
[BlackClock "00:27:15"]
[PlyCount "94"]
[WhiteFideId "34610146"]
[BlackFideId "34668608"]
[EventCountry "GER"]
[EventRounds "9"]
[EventType "swiss"]
[EventDate "2025.06.07"]

1. e4 {[%clk 01:30:56]} {[%emt 00:00:04]} c6 {[%clk 01:30:51]} {[%emt
00:00:10]} 2. Nc3 {[%clk 01:31:10]} {[%emt 00:00:15]} d5 {[%clk 01:31:02]}
{[%emt 00:00:19]} 3. Nf3 {[%clk 01:31:30]} {[%emt 00:00:10]} Bg4 {[%clk
01:31:11]} {[%emt 00:00:21]} 4. h3 {[%clk 01:31:52]} {[%emt 00:00:08]} Bxf3
{[%clk 01:31:04]} {[%emt 00:00:37]} 5. Qxf3 {[%clk 01:32:14]} {[%emt 00:00:08]}
e6 {[%clk 01:30:55]} {[%emt 00:00:40]} 6. d3 {[%clk 01:30:49]} {[%emt
00:01:55]} Nd7 {[%clk 01:30:15]} {[%emt 00:01:11]} 7. Bd2 {[%clk 01:29:47]}
{[%emt 00:01:32]} Bb4 {[%clk 01:25:47]} {[%emt 00:04:58]} 8. a3 {[%clk
01:28:52]} {[%emt 00:01:25]} Be7 {[%clk 01:22:24]} {[%emt 00:03:54]} 9. O-O-O
{[%clk 01:26:57]} {[%emt 00:02:24]} d4 {[%clk 01:19:48]} {[%emt 00:03:06]} 10.
Ne2 {[%clk 01:26:43]} {[%emt 00:00:43]} c5 {[%clk 01:19:17]} {[%emt 00:01:01]}
11. Qg3 {[%clk 01:26:30]} {[%emt 00:00:44]} Bf6 {[%clk 01:19:18]} {[%emt
00:00:29]} 12. f4 {[%clk 01:26:18]} {[%emt 00:00:41]} e5 {[%emt 00:01:29]} 13.
fxe5 {[%clk 01:24:42]} {[%emt 00:02:05]} Bxe5 {[%clk 01:18:15]} {[%emt
00:00:36]} 14. Bf4 {[%clk 01:24:10]} {[%emt 00:01:02]} Qf6 {[%clk 01:14:22]}
{[%emt 00:04:23]} 15. Bxe5 {[%clk 01:19:58]} {[%emt 00:04:41]} Qxe5 {[%clk
01:10:22]} {[%emt 00:04:31]} 16. Qxe5+ {[%clk 01:19:02]} {[%emt 00:01:25]} Nxe5
{[%clk 01:10:33]} {[%emt 00:00:20]} 17. g4 {[%clk 01:18:24]} {[%emt 00:01:08]}
h5 {[%clk 01:05:41]} {[%emt 00:05:22]} 18. g5 {[%clk 01:17:26]} {[%emt
00:01:28]} Ne7 {[%clk 01:01:47]} {[%emt 00:04:24]} 19. h4 {[%clk 01:17:09]}
{[%emt 00:00:47]} a5 {[%clk 00:53:09]} {[%emt 00:09:08]} 20. Bh3 {[%clk
01:14:12]} {[%emt 00:03:26]} a4 {[%clk 00:51:42]} {[%emt 00:01:58]} 21. Nf4
{[%clk 01:13:50]} {[%emt 00:00:51]} g6 {[%clk 00:50:32]} {[%emt 00:01:41]} 22.
Rhf1 {[%clk 01:10:31]} {[%emt 00:03:49]} O-O {[%clk 00:47:23]} {[%emt
00:03:39]} 23. Rde1 {[%clk 01:08:59]} {[%emt 00:02:02]} Rfe8 {[%clk 00:45:35]}
{[%emt 00:02:19]} 24. Re2 {[%clk 01:04:00]} {[%emt 00:05:30]} b5 {[%clk
00:36:30]} {[%emt 00:09:35]} 25. Rfe1 {[%clk 00:57:34]} {[%emt 00:06:55]} Kf8
{[%clk 00:31:18]} {[%emt 00:05:43]} 26. Rf2 {[%clk 00:55:56]} {[%emt 00:02:07]}
Kg7 {[%clk 00:31:25]} {[%emt 00:00:23]} 27. Rfe2 {[%clk 00:49:36]} {[%emt
00:06:50]} Ra7 {[%clk 00:27:49]} {[%emt 00:04:07]} 28. Nd5 {[%clk 00:48:53]}
{[%emt 00:01:13]} N7c6 {[%clk 00:27:08]} {[%emt 00:01:11]} 29. Nf6 {[%clk
00:48:29]} {[%emt 00:00:53]} Rb8 {[%clk 00:25:42]} {[%emt 00:01:56]} 30. Rf1
{[%clk 00:43:11]} {[%emt 00:05:49]} b4 {[%clk 00:23:35]} {[%emt 00:02:37]} 31.
Ref2 {[%clk 00:43:12]} {[%emt 00:00:29]} Rab7 {[%clk 00:20:50]} {[%emt
00:03:14]} 32. Nd7 {[%clk 00:42:58]} {[%emt 00:00:44]} Ra8 {[%clk 00:11:27]}
{[%emt 00:09:53]} 33. Nxc5 {[%clk 00:42:34]} {[%emt 00:00:56]} Re7 {[%clk
00:10:40]} {[%emt 00:01:11]} 34. Kd2 {[%emt 00:10:22]} Ra5 {[%clk 00:08:44]}
35. axb4 {[%clk 00:35:14]} {[%emt 00:00:29]} Nxb4 {[%clk 00:08:58]} {[%emt
00:00:15]} 36. c3 {[%clk 00:35:19]} {[%emt 00:00:25]} Nbc6 {[%emt 00:02:13]}
37. cxd4 {[%clk 00:34:50]} {[%emt 00:00:01]} Nxd4 {[%clk 00:07:42]} {[%emt
00:01:02]} 38. Rc1 {[%clk 00:35:10]} {[%emt 00:00:10]} Rxc5 {[%clk 00:06:25]}
{[%emt 00:01:47]} 39. Rxc5 {[%clk 00:35:20]} {[%emt 00:00:20]} Nb3+ {[%clk
00:06:46]} {[%emt 00:00:09]} 40. Kc2 {[%clk 00:32:30]} {[%emt 00:03:19]} Nxc5
{[%clk 00:05:30]} {[%emt 00:01:46]} 41. d4 {[%clk 00:32:53]} {[%emt 00:00:08]}
Nxe4 {[%clk 00:03:58]} {[%emt 00:02:02]} 42. Rf4 {[%clk 00:32:34]} {[%emt
00:00:48]} Nc6 {[%clk 00:28:57]} {[%emt 00:05:31]} 43. Bg2 {[%clk 01:01:42]}
{[%emt 00:01:22]} Nb4+ {[%clk 00:28:58]} {[%emt 00:00:29]} 44. Kd1 {[%clk
01:01:10]} {[%emt 00:01:02]} Nd3 {[%clk 00:28:09]} {[%emt 00:01:20]} 45. Rf3
{[%clk 01:00:35]} {[%emt 00:01:04]} Nxb2+ {[%clk 00:27:19]} {[%emt 00:01:21]}
46. Kc2 {[%clk 01:00:26]} {[%emt 00:00:39]} Nc4 {[%clk 00:27:18]} {[%emt
00:00:31]} 47. Kd3 {[%clk 01:00:29]} {[%emt 00:00:27]} Ned6 {[%clk 00:27:15]}
{[%emt 00:00:32]} 0-1

[Event "DEM U12 2025"]
[Site "Willingen GER"]
[Date "2025.06.14"]
[Round "9"]
[White "Obermair, Hannes"]
[Black "Menke, Raphael Wilhelm"]
[Result "0-1"]
[Termination "normal"]
[Board "21"]
[WhiteElo "1663"]
[BlackElo "1803"]
[WhiteClock "00:17:16"]
[BlackClock "00:37:05"]
[PlyCount "142"]
[WhiteFideId "34640509"]
[BlackFideId "34621008"]
[EventCountry "GER"]
[EventRounds "9"]
[EventType "swiss"]
[EventDate "2025.06.07"]

1. c4 {[%clk 01:30:59]} e5 {[%clk 01:31:00]} {[%emt 00:00:01]} 2. Nc3 {[%clk
01:31:22]} {[%emt 00:00:07]} Nc6 {[%clk 01:31:24]} {[%emt 00:00:06]} 3. g3
{[%clk 01:31:47]} {[%emt 00:00:03]} f5 {[%clk 01:31:50]} {[%emt 00:00:06]} 4.
Bg2 {[%clk 01:32:13]} {[%emt 00:00:03]} Nf6 {[%clk 01:32:12]} {[%emt 00:00:08]}
5. e3 {[%clk 01:32:39]} {[%emt 00:00:05]} e4 {[%clk 01:32:28]} {[%emt
00:00:14]} 6. Nge2 {[%clk 01:32:34]} {[%emt 00:00:29]} Ne5 {[%clk 01:32:06]}
{[%emt 00:00:57]} 7. O-O {[%clk 01:30:00]} {[%emt 00:03:04]} g6 {[%clk
01:28:45]} {[%emt 00:03:52]} 8. b3 {[%clk 01:25:37]} {[%emt 00:04:52]} Bg7
{[%clk 01:27:57]} {[%emt 00:01:18]} 9. f3 {[%clk 01:10:23]} {[%emt 00:15:44]}
exf3 {[%clk 01:25:01]} {[%emt 00:03:26]} 10. Bxf3 {[%clk 01:08:30]} {[%emt
00:02:23]} Nxf3+ {[%clk 01:25:20]} {[%emt 00:00:11]} 11. Rxf3 {[%clk 01:08:37]}
{[%emt 00:00:22]} O-O {[%clk 01:25:30]} {[%emt 00:00:22]} 12. Bb2 {[%clk
01:04:40]} {[%emt 00:04:25]} b6 {[%clk 01:21:21]} {[%emt 00:04:42]} 13. Rb1
{[%clk 00:56:25]} {[%emt 00:08:39]} Bb7 {[%clk 01:16:48]} {[%emt 00:05:08]} 14.
Rf1 {[%clk 00:55:36]} {[%emt 00:01:17]} Re8 {[%clk 01:06:45]} {[%emt 00:10:34]}
15. Nf4 {[%clk 00:39:50]} {[%emt 00:16:13]} c6 {[%clk 00:54:44]} {[%emt
00:12:34]} 16. Qc2 {[%clk 00:32:08]} {[%emt 00:08:12]} Rc8 {[%clk 00:51:42]}
{[%emt 00:03:31]} 17. Rfe1 {[%clk 00:28:51]} {[%emt 00:03:48]} d5 {[%clk
00:43:16]} {[%emt 00:08:56]} 18. cxd5 {[%clk 00:25:45]} {[%emt 00:03:36]} cxd5
{[%clk 00:42:24]} {[%emt 00:01:22]} 19. Qd3 {[%clk 00:24:17]} {[%emt 00:01:57]}
g5 {[%clk 00:41:02]} {[%emt 00:01:52]} 20. Nfe2 {[%clk 00:21:00]} {[%emt
00:03:47]} Ne4 {[%clk 00:39:53]} {[%emt 00:01:40]} 21. Nd4 {[%clk 00:19:53]}
{[%emt 00:01:36]} Qd7 {[%clk 00:35:34]} {[%emt 00:04:50]} 22. Rf1 {[%clk
00:17:52]} {[%emt 00:02:31]} f4 {[%clk 00:33:20]} {[%emt 00:02:44]} 23. Nxe4
{[%clk 00:11:02]} {[%emt 00:07:21]} dxe4 {[%clk 00:33:16]} {[%emt 00:00:33]}
24. Qb5 {[%clk 00:10:17]} {[%emt 00:01:14]} Qxb5 {[%clk 00:29:09]} {[%emt
00:04:38]} 25. Nxb5 {[%clk 00:10:34]} {[%emt 00:00:12]} Ba6 {[%clk 00:29:19]}
{[%emt 00:00:21]} 26. a4 {[%clk 00:09:10]} {[%emt 00:01:52]} Bxb5 {[%clk
00:28:06]} {[%emt 00:01:44]} 27. axb5 {[%clk 00:09:33]} {[%emt 00:00:07]} fxg3
{[%clk 00:28:08]} {[%emt 00:00:29]} 28. hxg3 {[%clk 00:09:37]} {[%emt
00:00:25]} Rc2 {[%clk 00:28:20]} {[%emt 00:00:19]} 29. Bxg7 {[%clk 00:09:00]}
{[%emt 00:01:07]} Kxg7 {[%clk 00:28:47]} {[%emt 00:00:03]} 30. Rf5 {[%clk
00:08:53]} {[%emt 00:00:36]} Rxd2 {[%clk 00:28:00]} {[%emt 00:01:18]} 31. Rxg5+
{[%clk 00:08:42]} {[%emt 00:00:41]} Kf6 {[%clk 00:28:24]} {[%emt 00:00:05]} 32.
Rh5 {[%clk 00:08:36]} {[%emt 00:00:36]} Kg6 {[%clk 00:27:58]} {[%emt 00:00:56]}
33. Rh2 {[%clk 00:08:24]} {[%emt 00:00:41]} Rd3 {[%clk 00:26:52]} {[%emt
00:01:37]} 34. Ra2 {[%clk 00:05:12]} {[%emt 00:03:43]} Re7 {[%clk 00:25:38]}
{[%emt 00:01:44]} 35. Kf2 {[%clk 00:04:19]} {[%emt 00:01:23]} Rf7+ {[%clk
00:25:27]} {[%emt 00:00:41]} 36. Ke2 {[%clk 00:04:25]} {[%emt 00:00:23]} Rf3
{[%clk 00:25:42]} {[%emt 00:00:16]} 37. Rxa7 {[%clk 00:03:47]} {[%emt
00:01:08]} Rfxe3+ {[%clk 00:25:36]} {[%emt 00:00:35]} 38. Kf1 {[%clk 00:03:38]}
{[%emt 00:00:34]} Rxb3 {[%clk 00:25:45]} {[%emt 00:00:27]} 39. Rxb3 {[%clk
00:03:45]} {[%emt 00:00:23]} Rxb3 {[%clk 00:26:07]} {[%emt 00:00:08]} 40. Ra4
{[%clk 00:03:46]} {[%emt 00:00:29]} Kf5 {[%clk 00:22:56]} {[%emt 00:03:40]} 41.
Ra7 {[%clk 00:01:23]} {[%emt 00:02:50]} Rxb5 {[%clk 00:21:27]} {[%emt
00:02:02]} 42. Rxh7 {[%clk 00:00:37]} {[%emt 00:01:17]} Rb2 {[%clk 00:20:40]}
{[%emt 00:01:17]} 43. Rf7+ {[%clk 00:27:51]} {[%emt 00:03:15]} Ke5 {[%clk
00:48:56]} {[%emt 00:02:15]} 44. Re7+ {[%clk 00:23:32]} {[%emt 00:04:47]} Kd4
{[%clk 00:47:42]} {[%emt 00:01:45]} 45. g4 {[%clk 00:20:15]} {[%emt 00:03:47]}
Ke3 {[%clk 00:46:17]} {[%emt 00:01:56]} 46. g5 {[%clk 00:14:39]} {[%emt
00:06:05]} Rf2+ {[%clk 00:44:39]} {[%emt 00:02:08]} 47. Kg1 {[%clk 00:14:32]}
{[%emt 00:00:38]} Rf5 {[%clk 00:45:02]} {[%emt 00:00:06]} 48. Rg7 {[%clk
00:14:10]} {[%emt 00:00:53]} Ke2 {[%clk 00:45:00]} {[%emt 00:00:32]} 49. g6
{[%clk 00:14:03]} {[%emt 00:00:37]} e3 {[%clk 00:43:08]} {[%emt 00:02:21]} 50.
Kh2 {[%clk 00:13:21]} {[%emt 00:01:13]} Rg5 {[%clk 00:41:45]} {[%emt 00:01:53]}
51. Rg8 {[%clk 00:12:54]} {[%emt 00:00:57]} Kf2 {[%clk 00:38:14]} {[%emt
00:03:55]} 52. Rf8+ {[%clk 00:12:38]} {[%emt 00:00:52]} Ke1 {[%clk 00:38:35]}
{[%emt 00:00:09]} 53. Rf6 {[%clk 00:12:53]} {[%emt 00:00:14]} b5 {[%clk
00:38:51]} {[%emt 00:00:16]} 54. Rb6 {[%clk 00:12:27]} {[%emt 00:00:55]} e2
{[%clk 00:38:31]} {[%emt 00:00:50]} 55. g7 {[%clk 00:12:40]} {[%emt 00:00:16]}
Kf2 {[%clk 00:37:30]} {[%emt 00:01:31]} 56. Rf6+ {[%clk 00:12:40]} {[%emt
00:00:30]} Ke3 {[%clk 00:35:18]} {[%emt 00:02:43]} 57. Re6+ {[%clk 00:12:53]}
{[%emt 00:00:16]} Kd3 {[%clk 00:35:28]} {[%emt 00:00:18]} 58. Rd6+ {[%clk
00:13:11]} {[%emt 00:00:15]} Kc4 {[%clk 00:35:40]} {[%emt 00:00:16]} 59. Re6
{[%clk 00:13:12]} {[%emt 00:00:32]} Rxg7 {[%clk 00:36:01]} {[%emt 00:00:08]}
60. Rxe2 {[%clk 00:13:38]} {[%emt 00:00:04]} b4 {[%clk 00:36:24]} {[%emt
00:00:07]} 61. Re4+ {[%clk 00:13:43]} {[%emt 00:00:25]} Kb3 {[%clk 00:35:57]}
{[%emt 00:00:56]} 62. Re3+ {[%clk 00:14:04]} {[%emt 00:00:09]} Ka2 {[%clk
00:36:20]} {[%emt 00:00:08]} 63. Re2+ {[%clk 00:14:21]} {[%emt 00:00:12]} Ka3
{[%clk 00:36:44]} {[%emt 00:00:06]} 64. Re3+ {[%clk 00:14:47]} {[%emt
00:00:04]} b3 {[%clk 00:37:11]} {[%emt 00:00:04]} 65. Re8 {[%clk 00:15:04]}
{[%emt 00:00:13]} Ka2 {[%clk 00:37:11]} {[%emt 00:00:27]} 66. Ra8+ {[%clk
00:15:28]} {[%emt 00:00:09]} Kb1 {[%clk 00:37:33]} {[%emt 00:00:07]} 67. Rb8
{[%clk 00:15:46]} {[%emt 00:00:12]} b2 {[%clk 00:37:47]} {[%emt 00:00:16]} 68.
Kh1 {[%clk 00:16:13]} {[%emt 00:00:03]} Rg4 {[%clk 00:37:32]} {[%emt 00:00:45]}
69. Kh2 {[%clk 00:16:25]} {[%emt 00:00:17]} Kc2 {[%clk 00:36:16]} {[%emt
00:01:47]} 70. Rc8+ {[%clk 00:16:50]} {[%emt 00:00:06]} Kb3 {[%clk 00:36:39]}
{[%emt 00:00:05]} 71. Rb8+ {[%clk 00:17:16]} {[%emt 00:00:04]} Rb4 {[%clk
00:37:05]} {[%emt 00:00:06]} 0-1